<?xml version="1.0" encoding="UTF-8"?>
<collection xmlns="http://www.loc.gov/MARC21/slim">
 <record>
  <leader>01839nam a2200241 a 4500</leader>
  <controlfield tag="001">TVCDKTCT9204</controlfield>
  <controlfield tag="003">Thư viện trường Cao đẳng Kỹ thuật Cao Thắng</controlfield>
  <controlfield tag="005">20080424000000</controlfield>
  <controlfield tag="008">080424</controlfield>
  <datafield tag="980" ind1="\" ind2="\">
   <subfield code="a">Thư viện Trường CĐ Kỹ Thuật Cao Thắng</subfield>
  </datafield>
  <datafield tag="024" ind1=" " ind2=" ">
   <subfield code="a">RG_1 #1 eb0 i1</subfield>
  </datafield>
  <datafield tag="041" ind1="0" ind2="#">
   <subfield code="a">vie</subfield>
  </datafield>
  <datafield tag="082" ind1="#" ind2="#">
   <subfield code="a">910.3 / </subfield>
   <subfield code="b">T550Đ-ph</subfield>
  </datafield>
  <datafield tag="100" ind1="1" ind2="#">
   <subfield code="a">Phùng Ngọc Đĩnh</subfield>
  </datafield>
  <datafield tag="245" ind1="0" ind2="0">
   <subfield code="a">Từ điển địa danh Lịch sử - Văn hóa Thế giới và Việt Nam /</subfield>
   <subfield code="c">Phùng Ngọc Đĩnh, Phùng Ngọc Kiên</subfield>
  </datafield>
  <datafield tag="250" ind1="#" ind2="#">
   <subfield code="a">In lần thứ 1</subfield>
  </datafield>
  <datafield tag="260" ind1="#" ind2="#">
   <subfield code="a">H. :</subfield>
   <subfield code="b">Văn hoá Thông tin ,</subfield>
   <subfield code="c">2006</subfield>
  </datafield>
  <datafield tag="300" ind1="#" ind2="#">
   <subfield code="a">525tr. ;</subfield>
   <subfield code="c">21cm</subfield>
  </datafield>
  <datafield tag="520" ind1="#" ind2="#">
   <subfield code="a">Địa danh gắn với ngôn ngữ của một vùng đất ở từng thời điểm cụ thể, ngôn ngữ lại gắn với những nét đặc thù về văn hóa - lịch sử, điều kiện tự nhiên vùng đất ấy. Do quá trình hình thành, biến đổi và lưu truyền tên gọi của một vùng đất, một làng xã hay một thành phố đều có thể gợi ra lịch sử văn hóa của chính những vùng đất đó. &quot;Từ điển địa danh Lịch sử - Văn hóa&quot; sẽ giúp những ai thích tìm hiểu một góc nhỏ của thế giới đang rộng mở, nội dung nhắc tới xuất xứ, quá trình hình thành và biến đổi của các địa danh từ gốc độ Lịch sử - Văn hóa trong mối liên hệ ngôn ngử và địa lý.</subfield>
  </datafield>
  <datafield tag="650" ind1="#" ind2="4">
   <subfield code="a">Từ điển địa danh</subfield>
  </datafield>
  <datafield tag="650" ind1="#" ind2="4">
   <subfield code="a">Lịch sử văn hóa--Thế giới</subfield>
  </datafield>
  <datafield tag="650" ind1="#" ind2="4">
   <subfield code="a">Lịch sử văn hóa--Việt Nam</subfield>
  </datafield>
  <datafield tag="700" ind1="0" ind2="#">
   <subfield code="a">Phùng Ngọc Kiên</subfield>
  </datafield>
 </record>
</collection>
